В помощь клубному работнику (Запись № 3829913)

Подробности
000 -МАРКЕР
контрольное поле 02813nas1a22003971i 4500
001 - ИДЕНТИФИКАТОР ЗАПИСИ
контрольное поле RU\NLR\INFOCOMM16\1000000571
005 - ИДЕНТИФИКАТОР ВЕРСИИ
контрольное поле 20240726092115.0
035 ## - ДРУГИЕ СИСТЕМНЫЕ НОМЕРА
Идентификатор записи (NLR Aleph) 002646267
100 ## - ДАННЫЕ ОБЩЕЙ ОБРАБОТКИ
Данные общей обработки 20031217b19551957|||y0rusy50 ca
101 0# - ЯЗЫК РЕСУРСА
Язык текста, звукозаписи и т.д. русский
102 ## - СТРАНА ПУБЛИКАЦИИ ИЛИ ПРОИЗВОДСТВА
Страна публикации российская федерация
110 ## - ПОЛЕ КОДИРОВАННЫХ ДАННЫХ: ПРОДОЛЖАЮЩИЕСЯ РЕСУРСЫ
Кодированные данные продолжающегося ресурса zyu||||0|y0
200 1# - ЗАГЛАВИЕ И СВЕДЕНИЯ ОБ ОТВЕТСТВЕННОСТИ
Основное заглавие В помощь клубному работнику
Первые сведения об ответственности Метод.кабинет М-ва культуры Коми АССР.Обком Союза рабочих лесной и бум.пром.
207 #1 - ОБЛАСТЬ СПЕЦИФИЧЕСКИХ СВЕДЕНИЙ: НУМЕРАЦИЯ ПРОДОЛЖАЮЩИХСЯ РЕСУРСОВ
Нумерация: даты и обозначения томов Вып.[1]-12
210 ## - ПУБЛИКАЦИЯ, РАСПРОСТРАНЕНИЕ И ДР.
Место издания, распространения и т.д. Сыктывкар
Имя издателя, распространителя и т. д. Коми кн.изд-во
Дата издания, распространения и т.д. 1955-1957
430 #1 - ПРОДОЛЖЕН
Встроенное поле 2001#$aВ помощь культпросвет работнику
Заглавие В помощь культпросвет работнику
712 02 - НАИМЕНОВАНИЕ ОРГАНИЗАЦИИ - ВТОРИЧНАЯ ОТВЕТСТВЕННОСТЬ
Начальный элемент ввода Коми республиканский методический кабинет культурно-просветительной работы
Код отношения Прочие
801 #1 - ИСТОЧНИК ЗАПИСИ
Страна российская федерация
Организация InfoComm
Дата составления 20031217
801 #0 - ИСТОЧНИК ЗАПИСИ
Страна российская федерация
Организация NLR
Правила каталогизации PSBO
852 ## - МЕСТОНАХОЖДЕНИЕ И ШИФР ХРАНЕНИЯ
Идентификатор организации NLR
Шифр хранения (Call Number) П28/735
942 ## - ДОПОЛНИТЕЛЬНЫЕ ЭЛЕМЕНТЫ ЗАПИСИ (АБИС)
Тип экземпляра АБИС Продолжающееся издание
980 ## - КОЛЛЕКЦИЯ
Название коллекции Русская периодика

Нет доступных экземпляров.